| 000 | 00533nam a2200193Ia 4500 | ||
|---|---|---|---|
| 003 | GCL | ||
| 008 | 140319s9999 xx 000 0 eng d | ||
| 040 |
_aGCL / _cGCL |
||
| 082 | 0 | 4 |
_aCC _b962 _bD L |
| 100 | 1 | _aDRIOTON,ETIENNE | |
| 245 | 1 | 0 |
_aLES PEUPLES DE L'ORIENT MEDITERRANEEN L'EGYPTE / _cDRIOTON,ETIENNE |
| 700 | 1 | _aVANDIER, JACQUES | |
| 260 |
_a[S.N] : _bLES PRESSES UNIVERSITAIRES DE FRENCNCE ، _c1938 |
||
| 300 | _a640 P | ||
| 650 | 0 | 4 | _aMEDITERRANEAN SEA |
| 650 | 0 | 4 | _aEGYPT |
| 650 | 0 | 4 | _aPOPULATION |
| 942 |
_2ddc _cBK |
||
| 999 |
_c19319 _d19319 |
||